| 000 | 00389nam a2200145 a 4500 | ||
|---|---|---|---|
| 001 | 54 | ||
| 003 | CDMR | ||
| 005 | 20130116135150.0 | ||
| 008 | 130130s1969||||||||||||||||||||||||||||d | ||
| 040 |
_aCDMR _bcat _cCDMR |
||
| 100 | 1 |
_aRiera Lloveras, Santiago _959 |
|
| 245 | 1 | 0 |
_a24 horas de información en prensa, radio y televisión _cSantiago Riera Lloveras |
| 260 |
_aBarcelona _c1969 |
||
| 942 | _cTSN | ||
| 999 |
_c54 _d54 |
||